UBT Library

CLINICAL NUTRITION (Record no. 10469)

000 -LEADER
fixed length control field 00296nam a22001337a 4500
008 - FIXED-LENGTH DATA ELEMENTS--GENERAL INFORMATION
fixed length control field 170412b xxu||||| |||| 00| 0 eng d
020 ## - INTERNATIONAL STANDARD BOOK NUMBER
International Standard Book Number 9780815196693
041 ## - LANGUAGE CODE
Language code of text/sound track or separate title eng
080 ## - UNIVERSAL DECIMAL CLASSIFICATION NUMBER
Edition identifier 2ND
Universal Decimal Classification number 612.39
100 ## - Rafti
Rafti 10
101 ## - Shkurtesa
Shkurtesa SM
245 ## - TITLE STATEMENT
Title CLINICAL NUTRITION
Statement of responsibility, etc MORGAN, S.L
942 ## - ADDED ENTRY ELEMENTS (KOHA)
Source of classification or shelving scheme
Item type Books
Holdings
Withdrawn status Lost status Source of classification or shelving scheme Damaged status Not for loan Collection code Permanent location Current location Shelving location Date acquired Total Checkouts Full call number Barcode Date last seen Price effective from Koha item type
          Koleksioni i përgjithshem UBT - Lipjan UBT - Lipjan Koleksioni i përgjithshem 04/12/2017   612.39 MOR 002-280172 04/12/2017 04/12/2017 Books
UBT Library © 2015-2024. All rights reserved University Education for Business and Technology